| 000 | 005950000a22001810004500 | ||
|---|---|---|---|
| 020 | _a0-7899-0442-X | ||
| 041 | 0 | _aSPA | |
| 082 | 0 | 4 | _aG 266 N267i |
| 100 | 1 | _aNasser, Antonio C. | |
| 245 | 1 | 0 | _aUna iglesia apasionada por las misiones : Una aplicación de la teoría de lo obvio a la relación entre iglesias y agencias misioneras / Antonio C. Nasser ; Gustavo J. Chávez, Traductor |
| 260 | _aMiami, FL., USA : Unilit | ||
| 300 | _a82 Pag | ||
| 001 | 7281 | ||
| 942 | _cBK | ||
| 999 |
_c37497 _d37497 |
||
| 336 |
_atexto _btxt _2rdacontent |
||
| 337 |
_2rdamedia _asin mediación _bn |
||
| 338 |
_2rdacarrier _avolumen _bnc |
||